|
|
|
|
| LEADER |
03407nam a2200745 i 4500 |
| 001 |
nkc20183021884 |
| 003 |
CZ PrNK |
| 005 |
20181015115925.0 |
| 007 |
ta |
| 008 |
180904s2018 xr ac e c 000 0dger |
| 020 |
|
|
|a 978-80-87420-89-8
|q (Galerie umění Karlovy Vary ;
|q brožováno)
|
| 040 |
|
|
|a ABA001
|b cze
|e rda
|
| 041 |
1 |
|
|a ger
|a cze
|h ger
|
| 043 |
|
|
|a e-gx---
|a s-pe---
|
| 045 |
|
|
|a y-y-
|
| 072 |
|
7 |
|a 74
|x Kresba. Umělecká řemesla
|2 Konspekt
|9 21
|
| 080 |
|
|
|a 745.52
|2 MRF
|
| 080 |
|
|
|a 7.036/.038
|2 MRF
|
| 080 |
|
|
|a 316.72/.75
|2 MRF
|
| 080 |
|
|
|a 7.07
|2 MRF
|
| 080 |
|
|
|a 77.03
|2 MRF
|
| 080 |
|
|
|a (430)
|2 MRF
|
| 080 |
|
|
|a (85)
|2 MRF
|
| 080 |
|
|
|a (083.824)
|2 MRF
|
| 100 |
1 |
|
|a Bayer, Heda,
|d 1975-
|7 jo20181006538
|4 art
|4 aut
|4 trl
|
| 245 |
1 |
0 |
|a Buntesgold :
|b Peru aus der Sicht von zeitgenössischen Textilkünstlerinnen : Sommerschloss Ostrov, Juni 2018 = Peru očima současných německých výtvarnic : Letohrádek Ostrov pobočka Galerie umění Karlovy Vary, červen 2018 /
|c Text: Heda Bayer, Zdeňka Bílková, Swantje Masermann, Magdalena Sophie Orland, Luise Stark, Fabienne Vogel ; Übersetzungen: Heda Bayer
|
| 246 |
3 |
|
|a Buntes Gold
|
| 246 |
1 |
|
|i Obálkový podnázev:
|a Peru pohledem současných textilních umělkyň
|
| 246 |
3 |
0 |
|a Peru aus der Sicht von zeitgenössischen Textilkünstlerinnen
|
| 246 |
3 |
0 |
|a Peru očima současných německých výtvarnic
|
| 264 |
|
1 |
|a [Karlsbad] :
|b Buntes Gold mit Unterstützung von Galerie Karlsbad,
|c [2018]
|
| 300 |
|
|
|a 36 nečíslovaných stran :
|b ilustrace (převážně barevné), portréty ;
|c 30 cm
|
| 336 |
|
|
|a text
|b txt
|2 rdacontent
|
| 336 |
|
|
|a statický obraz
|b sti
|2 rdacontent
|
| 337 |
|
|
|a bez média
|b n
|2 rdamedia
|
| 338 |
|
|
|a svazek
|b nc
|2 rdacarrier
|
| 500 |
|
|
|a Katalog ke stejnojmenné výstavě konané ve dnech 21.6.-7.10.2018
|
| 500 |
|
|
|a Tisková chyba v názvu publikace, správně je: Buntes Gold
|
| 500 |
|
|
|a 300 výtisků
|
| 546 |
|
|
|a Souběžný český text
|
| 648 |
|
7 |
|a 21. století
|7 ch460559
|2 czenas
|
| 650 |
0 |
7 |
|a textilní umění
|7 ph629608
|z Německo
|y 21. století
|2 czenas
|
| 650 |
0 |
7 |
|a moderní umění
|7 ph115340
|z Německo
|2 czenas
|
| 650 |
0 |
7 |
|a kultura a společnost
|7 ph122010
|z Peru
|2 czenas
|
| 650 |
0 |
7 |
|a umělecká inspirace
|7 ph180931
|2 czenas
|
| 650 |
0 |
7 |
|a dokumentární fotografie
|7 ph119534
|z Německo
|y 21. století
|2 czenas
|
| 650 |
0 |
9 |
|a textile art
|z Germany
|y 21st century
|2 eczenas
|
| 650 |
0 |
9 |
|a modern art
|z Germany
|2 eczenas
|
| 650 |
0 |
9 |
|a culture and society
|z Peru
|2 eczenas
|
| 650 |
0 |
9 |
|a inspiration in art
|2 eczenas
|
| 650 |
0 |
9 |
|a documentary photography
|z Germany
|y 21st century
|2 eczenas
|
| 655 |
|
7 |
|a katalogy výstav
|7 fd132536
|2 czenas
|
| 655 |
|
9 |
|a exhibition catalogs
|2 eczenas
|
| 700 |
1 |
|
|a Bílková, Zdeňka,
|d 1984-
|7 ola2012712732
|4 aut
|
| 700 |
1 |
|
|a Masermann, Swantje,
|d 1993-
|7 jo20181006537
|4 art
|4 aut
|
| 700 |
1 |
|
|a Orland, Magdalena Sophie,
|d 1992-
|7 jo20181006536
|4 art
|4 aut
|
| 700 |
1 |
|
|a Stark, Luise,
|d 1994-
|7 jo20181006535
|4 art
|4 aut
|
| 700 |
1 |
|
|a Vogel, Fabienne,
|d 1995-
|7 jo20181006534
|4 art
|4 aut
|
| 710 |
2 |
|
|a Galerie umění (Karlovy Vary, Česko).
|b Letohrádek Ostrov
|7 kn20021008019
|4 orm
|4 isb
|
| 910 |
2 |
|
|a BOA001
|b 4-1414.246
|
| 928 |
9 |
|
|a Galerie umění Karlovy Vary
|
| 990 |
|
|
|a BK
|
| 995 |
|
|
|a 11
|
| 991 |
|
|
|b 201810
|c NOV
|
| 996 |
6 |
|
|b 2610754814
|c 4-1414.246
|l MZK
|r Sklad / do 1 hodiny
|n 0
|p p.v.
|w 001686960
|u 000010
|a 1
|e BOA001
|j MZK50
|s P
|